000 00797nam a2200229Ia 4500
008 130821s2002 sp gr spa
020 _a8420673366
040 _aCo-BoUCM
_bspa
041 0 0 _aspa
100 1 _aEurípides
_91606
245 1 4 _aLas troyanas
_cEirípides ;introducción, traducción y notas de Ramón Irigoyen
260 _aMadrid (España)
_bAlianza Editorial
_c2002
300 _a104 páginas
490 _aEl Libro de Bolsillo.
_v8249
_aBiblioteca Temática.
_aClásicos de Grecia y Roma
650 0 4 _aLiteratura griega
_976
650 0 4 _aLiteratura y moral
_918761
650 0 4 _aTeatro griego
_925065
650 0 4 _aTragedia griega
_925649
700 1 _aIrigoyen, Ramón
_etrad.
_9164458
942 _cLIBRO
_a18
_e1
_mE891t
_2DEWEY
_h882
_n0
999 _c57577
_d57577